Statistics for Arnold Schwarzenegger Movies: Multiple Choice

Click here to take the quiz!

General Stats

  • This quiz has been taken 875 times
  • The average score is 14 of 15

Answer Stats

QuestionAnswer% Correct
Which one?The Terminator
98%
Which one?Predator
97%
Which one?Commando
96%
Which one?Twins
96%
Which one?Kindergarten Cop
95%
Which one?Total Recall
95%
Which one?Jingle All the Way
93%
Which one?Last Action Hero
93%
Which one?Junior
90%
Which one?The Running Man
90%
Which one?True Lies
89%
Which one?Conan the Barbarian
87%
Which one?The Expendables
87%
Which one?Eraser
86%
Which one?Batman & Robin
73%

Score Distribution

Percentile by Number Answered

Percent of People with Each Score

Your Score History

You have not taken this quiz